[Event "14th HZ Open"]
[Site "Vlissingen NED"]
[Date "2010.08.12"]
[Round "7"]
[White "Burg,T"]
[Black "Ikonnikov,Vy"]
[Result "1/2-1/2"]
[WhiteElo "2449"]
[BlackElo "2578"]
[EventDate "2010.08.07"]

1. e4 c5 2. Nf3 Nc6 3. d4 cxd4 4. Nxd4 e5 5. Nb5 d6 6. N1c3 a6 7. Na3 Be7
8. Nc4 b5 9. Ne3 Nf6 10. g3 O-O 11. Bg2 b4 12. Ncd5 Nxd5 13. Nxd5 Bg5 14.
Bxg5 Qxg5 15. O-O Rb8 16. Qd3 Qd8 17. Rfd1 Qd7 18. a3 bxa3 19. Qxa3 Nd4 20.
Ne3 Qc7 21. c3 Nb3 22. Nd5 Qd7 23. Rab1 Rd8 24. Bf1 a5 25. Ne3 Qc6 26. Nc4
Bg4 27. Rxd6 Qxe4 28. Bd3 Qb7 29. Re1 Bh3 30. Be4 Qc7 31. Red1 Rxd6 32.
Qxd6 Qxd6 33. Rxd6 f6 34. Bd5+ Kf8 35. Ra6 Rb5 36. Ra8+ Ke7 37. Ra7+ Kd8
38. Bg8 h5 39. Rxg7 Nc1 40. Ra7 Ne2+ 41. Kh1 Nxc3 42. Rxa5 Rxa5 43. Nxa5
Nd1 44. f3 Nxb2 45. Bf7 h4 46. gxh4 Ke7 47. Bb3 Nd3 48. Kg1 f5 49. Bc4 Nc5
50. Nc6+ Kf6 51. h5 e4 52. f4 Bg4 53. Kf2 Bxh5 54. Ne5 Ne6 55. Bxe6 Kxe6
56. Ke3 Kd5 57. Nd7 Ke6 58. Nc5+ Kd5 59. Nb3 Ke6 60. Kd4 Bg4 61. Nd2 Be2
62. Nb1 Kf6 63. Nc3 Bg4 64. Nd5+ Kg6 65. Ke5 Kh5 66. Nf6+ Kh4 67. Nxe4 fxe4
68. Kxe4 Kh3 69. f5 Bxf5+ 70. Kxf5 Kxh2 1/2-1/2

[Event "14th HZ Open"]
[Site "Vlissingen NED"]
[Date "2010.08.12"]
[Round "7"]
[White "Brandenburg,D"]
[Black "Fedorchuk,S"]
[Result "1/2-1/2"]
[WhiteElo "2514"]
[BlackElo "2665"]
[EventDate "2010.08.07"]

1. e4 c5 2. c3 d5 3. exd5 Qxd5 4. d4 g6 5. Nf3 Bg7 6. Na3 cxd4 7. Nb5 Na6
8. Be3 Nh6 9. Bxd4 Bxd4 10. Qxd4 Qxd4 11. Nbxd4 Nc5 12. Bb5+ Bd7 13. Bxd7+
Nxd7 14. O-O-O a6 15. Rhe1 Ng4 16. h3 Ngf6 17. Nb3 Rc8 18. Rd4 Rc7 19. Ne5
e6 20. Nxd7 Nxd7 21. Nd2 Ke7 22. c4 Nb8 23. Kb1 Nc6 24. Rd3 Nb4 25. Rd4 Rd8
26. Rxd8 Kxd8 27. g3 Ke7 28. a3 Rd7 29. Nf3 Nd3 30. Re2 f6 31. Kc2 e5 32.
b4 Ke6 33. Ne1 Nxe1+ 34. Rxe1 Rd4 35. Kc3 g5 36. a4 h5 37. f3 h4 38. g4 f5
39. a5 fxg4 40. fxg4 Rf4 41. Re3 Rf1 42. Kd3 Rd1+ 43. Kc3 Rf1 44. Kd3 Rc1
45. Re2 Rb1 46. Kc3 Ra1 47. Re3 Rb1 48. Re2 Rc1+ 49. Kd3 Rd1+ 50. Kc3 Rc1+
1/2-1/2

[Event "14th HZ Open"]
[Site "Vlissingen NED"]
[Date "2010.08.12"]
[Round "7"]
[White "Henrichs,T"]
[Black "Erdos,V"]
[Result "1/2-1/2"]
[WhiteElo "2490"]
[BlackElo "2592"]
[EventDate "2010.08.07"]

1. d4 d5 2. c4 c6 3. Nf3 Nf6 4. Nc3 e6 5. Bg5 h6 6. Bh4 dxc4 7. e4 g5 8.
Bg3 b5 9. Be2 Bb7 10. O-O Nbd7 11. Ne5 h5 12. Nxd7 Qxd7 13. Be5 Rh6 14. Qc1
Ng4 15. Bxg4 hxg4 16. Qxg5 Rg6 17. Qh4 Be7 1/2-1/2

[Event "14th HZ Open"]
[Site "Vlissingen NED"]
[Date "2010.08.12"]
[Round "7"]
[White "Hoffmann,Micha1"]
[Black "Kohlweyer,B"]
[Result "1/2-1/2"]
[WhiteElo "2517"]
[BlackElo "2436"]
[EventDate "2010.08.07"]

1. d4 d5 2. c4 c6 3. Nf3 Nf6 4. Nc3 dxc4 5. g3 g6 6. Bg2 Bg7 7. O-O O-O 8.
Ne5 Ng4 9. Nf3 Na6 10. h3 Nf6 11. e4 b5 12. Ne5 Bb7 13. a4 b4 14. Ne2 c5
15. d5 Nxe4 16. Nxf7 Rxf7 17. Bxe4 Nc7 18. Nf4 Qd6 19. Qe2 c3 20. Rd1 Rd8
21. bxc3 Bxc3 22. Bb2 Bxb2 23. Qxb2 a5 24. Rac1 1/2-1/2

[Event "14th HZ Open"]
[Site "Vlissingen NED"]
[Date "2010.08.12"]
[Round "7"]
[White "Nijboer,F"]
[Black "Bitalzadeh,A"]
[Result "1-0"]
[WhiteElo "2582"]
[BlackElo "2415"]
[EventDate "2010.08.07"]

1. e4 e6 2. d4 d5 3. Nc3 Bb4 4. e5 c5 5. a3 Bxc3+ 6. bxc3 Qc7 7. Nf3 b6 8.
Bb5+ Bd7 9. Bd3 Ba4 10. O-O Ne7 11. Ng5 h6 12. Nh3 Nd7 13. Ra2 c4 14. Be2
O-O-O 15. Nf4 Rh7 16. Re1 Rdh8 17. Bh5 g6 18. Be2 Nf5 19. Bd2 Kb7 20. Bf1
a5 21. g3 Nf8 22. Bg2 Ka7 23. Qf3 Nd7 24. Bh3 Ng7 25. Qd1 Qd8 26. Ng2 Qe7
27. Qc1 g5 28. Re2 f5 29. exf6 Nxf6 30. f3 Qf7 31. Ne3 Re8 32. Rb2 Rhh8 33.
Qb1 Qc7 34. Nf1 Re7 35. Be1 Nfh5 36. Re5 Rf8 37. Bg2 Be8 38. Ne3 Bc6 39.
Bf2 Nf6 40. Nxc4 Nd7 41. Nd2 Nxe5 42. dxe5 Rb8 43. g4 Ba4 44. Bd4 Qc6 45.
Nb3 Bxb3 46. cxb3 Qd7 47. a4 Ka8 48. b4 Qxa4 49. Bf1 Qe8 50. bxa5 bxa5 51.
Bb5 Qc8 52. Bc6+ Rbb7 53. Rxb7 Rxb7 54. Qb6 Kb8 55. Bxb7 Qxb7 56. Qd8+ Qc8
57. Ba7+ Kb7 58. Qb6+ Ka8 59. Qxa5 Kb7 60. Bd4 Qc7 61. Qxc7+ Kxc7 62. Bc5
Ne8 63. Bf8 Kc6 64. Bxh6 Kc5 65. Bxg5 Kc4 66. Bf4 Kxc3 67. h4 d4 68. h5 Nc7
69. h6 Nd5 70. Bg5 1-0

[Event "14th HZ Open"]
[Site "Vlissingen NED"]
[Date "2010.08.12"]
[Round "7"]
[White "Pruijssers,R"]
[Black "Wahedi,A"]
[Result "1-0"]
[WhiteElo "2462"]
[BlackElo "2295"]
[EventDate "2010.08.07"]

1. e4 c5 2. Nf3 d6 3. d4 cxd4 4. Nxd4 Nf6 5. Nc3 a6 6. Be3 e5 7. Nb3 Be6 8.
Qd2 Be7 9. f3 O-O 10. O-O-O Nbd7 11. g4 b5 12. Rg1 Nb6 13. g5 Nfd7 14. Na5
Qc7 15. Nd5 Bxd5 16. exd5 Rfc8 17. Kb1 Nxd5 18. Qxd5 Qxa5 19. Bc4 Rf8 20.
Bb3 g6 21. h4 Qc7 22. h5 Nc5 23. hxg6 hxg6 24. Rh1 Kg7 25. Rh6 Ne6 26. f4
Rh8 27. Rdh1 Rag8 28. Rh7+ 1-0

[Event "14th HZ Open"]
[Site "Vlissingen NED"]
[Date "2010.08.12"]
[Round "7"]
[White "Sandu,Mi"]
[Black "Bosboom,M"]
[Result "1/2-1/2"]
[WhiteElo "2261"]
[BlackElo "2455"]
[EventDate "2010.08.07"]

1. e4 c5 2. Nf3 d6 3. d4 cxd4 4. Nxd4 Nf6 5. Nc3 a6 6. Be2 e6 7. a4 b6 8.
Bf3 Ra7 9. Be3 Rc7 10. O-O Nbd7 11. a5 bxa5 12. Nb3 Bb7 13. Nxa5 Ba8 14.
Be2 Rxc3 15. bxc3 Nxe4 16. Bxa6 Be7 17. Bb7 Bxb7 18. Nxb7 Qc8 19. Ra7 O-O
20. c4 Ne5 21. Nc5 Nc3 22. Qd2 Bf6 23. Qxd6 Nxc4 24. Qd7 Nxe3 25. Qxc8 Rxc8
26. fxe3 h5 27. Nd7 Bg5 28. Kh1 Bxe3 29. Rb7 Ne4 30. Rb8 Nf2+ 31. Kg1 Ng4+
1/2-1/2

[Event "14th HZ Open"]
[Site "Vlissingen NED"]
[Date "2010.08.12"]
[Round "7"]
[White "Gryson,W"]
[Black "Guidarelli,L"]
[Result "0-1"]
[WhiteElo "2223"]
[BlackElo "2433"]
[EventDate "2010.08.07"]

1. d4 Nf6 2. Nf3 e6 3. e3 g6 4. Bd3 Bg7 5. e4 d6 6. O-O Nc6 7. c3 e5 8. h3
O-O 9. Re1 h6 10. Na3 Nh5 11. Bf1 a6 12. Nc2 b6 13. Ne3 Bb7 14. Nd5 Nf6 15.
dxe5 dxe5 16. a3 Re8 17. Nxf6+ Qxf6 18. Qc2 Nd8 19. Be3 Ne6 20. Rad1 Rad8
21. Nh2 Qe7 22. Bc4 Ng5 23. Rxd8 Rxd8 24. Bc1 Nxe4 25. Ng4 Kh7 26. Qe2 f5
27. Nh2 b5 28. Ba2 Nc5 29. Rd1 e4 30. Be3 Nd3 31. Bb1 Qd6 32. Bc2 c5 33. f3
c4 34. fxe4 Bxe4 35. Nf3 Re8 36. Bxd3 cxd3 37. Qf2 f4 38. Bc5 Qd5 39. Ne1
g5 40. Bd4 Bxd4 41. Qxd4 Qxd4+ 42. cxd4 Rd8 43. Nxd3 Rxd4 44. Nf2 Rxd1+ 45.
Nxd1 Kg6 46. Kf2 Kf5 47. g3 h5 48. Nc3 fxg3+ 49. Kxg3 h4+ 0-1

[Event "14th HZ Open"]
[Site "Vlissingen NED"]
[Date "2010.08.12"]
[Round "7"]
[White "Kuling,L"]
[Black "Kuipers,S"]
[Result "1/2-1/2"]
[WhiteElo "2208"]
[BlackElo "2354"]
[EventDate "2010.08.07"]

1. e4 c5 2. Nf3 Nc6 3. Bb5 d6 4. O-O Bd7 5. c3 Nf6 6. Qe2 a6 7. Ba4 b5 8.
Bc2 Bg4 9. h3 Bxf3 10. Qxf3 g6 11. a4 Bg7 12. axb5 axb5 13. Rxa8 Qxa8 14.
Na3 b4 15. Nc4 O-O 16. d3 Qa2 17. Qd1 Qa6 18. Ne3 Nd7 19. Bd2 Rb8 20. f4 b3
21. Bxb3 Na5 22. Bc4 Nxc4 23. Nxc4 e6 24. Qf3 f5 25. exf5 gxf5 26. Bc1 d5
27. Nd2 Nb6 28. Qe2 Nd7 29. Re1 Re8 30. Nf3 Bf6 31. Kh1 Re7 32. Bd2 Qb5 33.
b4 cxb4 34. cxb4 d4 35. Ra1 Nb6 36. Ra5 Qd7 37. Ne5 Qb7 38. Rc5 Bxe5 39.
Qxe5 Nd7 40. Qxd4 Nxc5 41. bxc5 Rg7 42. Qf2 Qb1+ 43. Kh2 Qxd3 44. Bc1 Qd5
45. Bb2 Rg6 46. Be5 Kf7 47. Qc2 Qc6 48. Bd6 Rg8 49. Qe2 Rg6 50. Qa2 Kg8 51.
Qe2 Kf7 1/2-1/2

[Event "14th HZ Open"]
[Site "Vlissingen NED"]
[Date "2010.08.12"]
[Round "7"]
[White "Van Eijk,S"]
[Black "Haast,A"]
[Result "1-0"]
[WhiteElo "2322"]
[BlackElo "2240"]
[EventDate "2010.08.07"]

1. e4 e5 2. Bc4 Nf6 3. d3 Nc6 4. Nc3 Bb4 5. Nge2 d5 6. exd5 Nxd5 7. O-O Be6
8. Ne4 Be7 9. N2g3 O-O 10. Qh5 Nf4 11. Bxf4 exf4 12. Ne2 Bxc4 13. dxc4 f5
14. N4c3 Bd6 15. Rad1 Qe8 16. Qf3 g5 17. Rfe1 Qg6 18. Nd4 Nxd4 19. Qd5+ Qf7
20. Qxd4 b6 21. Nb5 Rad8 22. Qd5 a6 23. Qxf7+ Kxf7 24. Nd4 Bc5 25. c3 Rfe8
26. Kf1 Rxe1+ 27. Kxe1 Kf6 28. Ke2 h5 29. b4 Bd6 30. f3 Be5 31. Rd3 c5 32.
Nb3 Rxd3 33. Kxd3 Bd6 34. a3 g4 35. Ke2 Kg6 36. Nc1 h4 37. h3 g3 38. Nd3
Kf6 39. Nb2 a5 40. Na4 axb4 41. cxb4 cxb4 42. axb4 Bxb4 43. Nxb6 Ke6 44.
Kd3 Bc5 45. Nd5 Ke5 46. Nc3 Kd6 47. Ne2 Be3 48. Nd4 Ke5 49. Nb5 Bc5 50. Kc3
Ke6 51. Nd4+ Ke5 52. Nb3 Ba3 53. Kd3 Bb4 54. Nd4 Bc5 55. Nb5 Kf6 56. Kc3
Ke6 57. Nd4+ Ke5 58. Ne2 Bd6 59. Kb3 Bc5 60. Kc3 Bd6 61. Nc1 Ke6 62. Nd3
Bc7 63. Kd4 Bb6+ 64. c5 Bc7 65. Kc4 Bb8 66. Nb4 Bc7 67. Nc6 1-0

[Event "14th HZ Open"]
[Site "Vlissingen NED"]
[Date "2010.08.12"]
[Round "7"]
[White "Balje,J"]
[Black "Freeke,M"]
[Result "0-1"]
[WhiteElo "2204"]
[BlackElo "2315"]
[EventDate "2010.08.07"]

1. d4 Nf6 2. c4 e6 3. g3 d5 4. Nf3 Bb4+ 5. Bd2 Be7 6. Bg2 O-O 7. O-O c6 8.
Qc2 Nbd7 9. Rd1 b6 10. b3 Ba6 11. a4 c5 12. Na3 Bb7 13. Rac1 cxd4 14. Qb2
e5 15. cxd5 Bxd5 16. Nc4 Qb8 17. e3 Qb7 18. Ne1 Bxg2 19. Nxg2 Ne4 20. Be1
Bf6 21. Bb4 Rfd8 22. Nd6 Nxd6 23. Bxd6 Rac8 24. exd4 exd4 25. Ne1 h5 26. h4
Qd5 27. Bb4 Rxc1 28. Rxc1 a5 29. Bd2 Nc5 0-1

[Event "14th HZ Open"]
[Site "Vlissingen NED"]
[Date "2010.08.12"]
[Round "7"]
[White "Leenhouts,K"]
[Black "Stange,S"]
[Result "1-0"]
[WhiteElo "2407"]
[BlackElo "2116"]
[EventDate "2010.08.07"]

1. d4 Nf6 2. c4 e6 3. g3 d5 4. Nf3 Bb4+ 5. Bd2 Be7 6. Bg2 O-O 7. O-O c6 8.
Qc2 Nbd7 9. Nc3 dxc4 10. e4 b6 11. Rfd1 Bb7 12. h4 Re8 13. Bh3 b5 14. e5
Nd5 15. Ne4 Nb4 16. Bxb4 Bxb4 17. Nc5 Nxc5 18. dxc5 Qc7 19. Ng5 g6 20. Rd6
Bxc5 21. Qd2 Bxd6 22. exd6 Qd8 23. Qf4 f5 24. Rd1 e5 25. Qe3 e4 26. d7 Re5
27. Qf4 Rd5 28. Rxd5 cxd5 29. Qd6 Qf8 30. Qe6+ Kg7 31. Qe5+ Qf6 32. Qc7 Kh6
33. d8=Q Rxd8 34. Qxh7+ 1-0

[Event "14th HZ Open"]
[Site "Vlissingen NED"]
[Date "2010.08.12"]
[Round "7"]
[White "Verduyn,F"]
[Black "Roeder,M"]
[Result "1/2-1/2"]
[WhiteElo "2195"]
[BlackElo "2392"]
[EventDate "2010.08.07"]

1. d4 Nf6 2. c4 e6 3. g3 Bb4+ 4. Bd2 Be7 5. Bg2 d5 6. Nf3 O-O 7. O-O c6 8.
Qc2 b6 9. Bf4 Bb7 10. Rd1 a5 11. Nc3 Na6 12. a3 dxc4 13. Ne5 Nd5 14. Nxc4
Nxf4 15. gxf4 Qc7 16. e3 g6 17. Rac1 Rfd8 18. Ne5 Rac8 19. Qe2 Qb8 20. Nxc6
Rxc6 21. Bxc6 Bxc6 22. Qxa6 Bf3 23. Re1 Bd6 1/2-1/2

[Event "14th HZ Open"]
[Site "Vlissingen NED"]
[Date "2010.08.12"]
[Round "7"]
[White "Tan,Mat"]
[Black "Lacrosse,M"]
[Result "0-1"]
[WhiteElo "2381"]
[BlackElo "2193"]
[EventDate "2010.08.07"]

1. e4 e5 2. Nf3 Nc6 3. Bb5 a6 4. Ba4 Nf6 5. O-O Nxe4 6. d4 b5 7. Bb3 d5 8.
dxe5 Be6 9. Nbd2 Be7 10. c3 O-O 11. Bc2 f5 12. Nb3 Qd7 13. Nbd4 Nxd4 14.
Nxd4 c5 15. Nxe6 Qxe6 16. f3 Ng5 17. a4 b4 18. Qe1 Rab8 19. Qg3 h6 20. Re1
Kh8 21. a5 bxc3 22. bxc3 d4 23. Ra4 f4 24. Qf2 dxc3 25. h4 Nh7 26. Rxf4
Rxf4 27. Bxf4 Nf8 28. Bc1 Rb4 29. f4 Qg4 30. f5 Qxh4 31. Qe2 c4 32. Rd1 Rb2
33. Be3 Qe4 34. Rd2 Qxe5 35. Bd4 Qxe2 36. Rxe2 Bf6 37. Bxf6 gxf6 38. Kf2
Nd7 39. Ke3 Ne5 40. Kd4 Ra2 41. Kxc3 Rxa5 42. Rd2 Kg7 43. Rd6 Ra2 44. Be4
a5 45. Ra6 h5 46. Bd5 Rf2 47. Be4 Ra2 48. Bd5 Ra3+ 49. Kc2 a4 50. Ba8 Nd3
0-1

[Event "14th HZ Open"]
[Site "Vlissingen NED"]
[Date "2010.08.12"]
[Round "7"]
[White "Smits,S"]
[Black "Michalczak,T"]
[Result "0-1"]
[WhiteElo "2186"]
[BlackElo "2367"]
[EventDate "2010.08.07"]

1. Nf3 Nf6 2. g3 g6 3. Bg2 Bg7 4. O-O O-O 5. d3 d6 6. c4 e5 7. Nc3 Nc6 8.
Rb1 a5 9. a3 h6 10. b4 axb4 11. axb4 Be6 12. b5 Ne7 13. Bb2 Qd7 14. Re1 Bh3
15. Bh1 Ng4 16. e3 f5 17. Nd2 Rab8 18. Qb3 Kh7 19. Nd5 g5 20. Nxe7 Qxe7 21.
Ra1 f4 22. exf4 gxf4 23. Ne4 fxg3 24. fxg3 Qf7 25. Qc2 Ra8 26. Bg2 Rxa1 27.
Bxa1 Ne3 0-1

[Event "14th HZ Open"]
[Site "Vlissingen NED"]
[Date "2010.08.12"]
[Round "7"]
[White "De Jong,M"]
[Black "Go,B"]
[Result "1-0"]
[WhiteElo "2358"]
[BlackElo "2128"]
[EventDate "2010.08.07"]

1. e4 Nf6 2. e5 Nd5 3. d4 d6 4. Nf3 Nc6 5. c4 Nb6 6. e6 fxe6 7. Nc3 g6 8.
h4 Bg7 9. Be3 O-O 10. h5 e5 11. hxg6 exd4 12. gxh7+ Kh8 13. Nxd4 Nxd4 14.
Bxd4 e5 15. Be3 Be6 16. c5 Nc4 17. Bxc4 Bxc4 18. Qg4 d5 19. O-O-O d4 20.
Bh6 Qe7 21. Ne4 Rf7 22. Bg5 Qf8 23. Kb1 Bd5 24. f3 b6 25. Rc1 Bxe4+ 26.
Qxe4 bxc5 27. Rxc5 Qxc5 28. Qxa8+ Rf8 29. Qe4 Rb8 30. Rc1 Qb5 31. b3 c5 32.
Ka1 Rc8 33. Rc4 a5 34. Qf5 Rf8 35. Qe6 Re8 36. Qg6 a4 37. Bf6 Re7 38. Bxe7
axb3 39. Bf6 Bxf6 40. Qg8+ 1-0

[Event "14th HZ Open"]
[Site "Vlissingen NED"]
[Date "2010.08.12"]
[Round "7"]
[White "Colijn,S"]
[Black "Zelbel,P"]
[Result "0-1"]
[WhiteElo "2174"]
[BlackElo "2345"]
[EventDate "2010.08.07"]

1. Nf3 Nf6 2. g3 g6 3. Bg2 Bg7 4. O-O O-O 5. c4 d6 6. Nc3 a6 7. Qc2 Nc6 8.
Rb1 Bf5 9. d3 Qd7 10. Re1 Bh3 11. Bh1 e5 12. e3 h6 13. b4 Ng4 14. Nd5 Ne7
15. d4 Nxd5 16. cxd5 e4 17. Nd2 f5 18. a4 Nf6 19. b5 Nxd5 20. bxa6 Rxa6 21.
Rxb7 Qxa4 22. Nb3 Rc6 23. Qd2 Rc3 24. Qb2 Ra8 25. Bd2 Qc6 26. Na1 Rca3 27.
Rc1 Qa6 28. Rb8+ Rxb8 29. Qxb8+ Kh7 30. Nc2 Rc3 31. Qb2 Rc6 32. Bg2 Bxg2
33. Kxg2 Qe2 34. Ne1 Nxe3+ 35. Bxe3 Qxb2 36. Rxc6 Bxd4 37. Rxc7+ Kg8 38.
Rc2 Qb1 39. Rc8+ Kf7 40. Rc1 Qb6 41. Nc2 Bc5 42. Rd1 Qb3 43. Rd2 Qc3 44.
Bxh6 e3 45. Re2 Qd3 46. Kf1 Qd1+ 47. Ne1 exf2 48. Rxf2 Bxf2 49. Kxf2 Qh5
0-1

[Event "14th HZ Open"]
[Site "Vlissingen NED"]
[Date "2010.08.12"]
[Round "7"]
[White "Oosterom,E"]
[Black "Bezemer,A"]
[Result "1/2-1/2"]
[WhiteElo "2109"]
[BlackElo "2322"]
[EventDate "2010.08.07"]

1. d4 Nf6 2. c4 c5 3. d5 e6 4. Nc3 exd5 5. cxd5 d6 6. e4 g6 7. h3 Bg7 8.
Nf3 O-O 9. Bd3 b5 10. Bxb5 Nxe4 11. Nxe4 Qa5+ 12. Nfd2 Qxb5 13. Nxd6 Qa6
14. N2c4 Nd7 15. O-O Ne5 16. Nxe5 Bxe5 17. Nxc8 Raxc8 18. Re1 Bd4 19. Qf3
Qb7 20. Bh6 Rfd8 21. Rad1 f5 22. Bg5 Rd7 23. b3 Qxd5 24. Qxd5+ Rxd5 25. Kf1
Rd7 26. Re6 Rcc7 27. Bf4 Rb7 28. Rc6 Kf7 29. f3 h5 30. Re1 Rb6 31. Rc8 Ra6
32. Re2 Re7 33. a4 Rb7 34. Bg5 Rab6 35. a5 Rxb3 36. a6 Rd7 37. Rce8 c4 38.
Bh6 Bc5 39. Rc8 Be7 40. Rxc4 Rb6 41. h4 Rxa6 42. Rc8 Bd8 43. Kf2 Ra4 44.
Rb2 a5 45. Rbb8 Rad4 46. Bg5 Bxg5 47. hxg5 R4d6 48. Ra8 Ke6 49. Rxa5 Rb6
50. Rg8 Ke7 1/2-1/2

[Event "14th HZ Open"]
[Site "Vlissingen NED"]
[Date "2010.08.12"]
[Round "7"]
[White "Afek,Y"]
[Black "Wittenberg,A"]
[Result "1/2-1/2"]
[WhiteElo "2310"]
[BlackElo "2143"]
[EventDate "2010.08.07"]

1. e4 e6 2. d4 d5 3. e5 c5 4. c3 Nc6 5. Nf3 Bd7 6. Be2 Nge7 7. Na3 cxd4 8.
cxd4 Nf5 9. Nc2 Qb6 10. O-O a5 11. b3 Be7 12. g4 Nh4 13. Nxh4 Bxh4 14. f4
Be7 15. Kg2 Nb4 16. Be3 Bb5 17. Nxb4 axb4 18. f5 Qa6 19. Bxb5+ Qxb5 20. Rf2
Rc8 21. Qd2 h5 22. fxe6 fxe6 23. Bg5 Qd7 24. Raf1 Qd8 25. Bxe7 Qxe7 26. g5
h4 27. Kh1 h3 28. g6 Rc3 29. a3 Qh4 30. Rf4 Qh5 31. Qf2 Qxg6 32. axb4 Rxb3
33. Rf8+ Kd7 34. Rxh8 Qe4+ 1/2-1/2

[Event "14th HZ Open"]
[Site "Vlissingen NED"]
[Date "2010.08.12"]
[Round "7"]
[White "Provoost,S"]
[Black "Hoffman,Ro"]
[Result "1/2-1/2"]
[WhiteElo "2255"]
[BlackElo "2128"]
[EventDate "2010.08.07"]

1. c4 g6 2. g3 Bg7 3. Bg2 d6 4. Nc3 Nf6 5. Nf3 O-O 6. O-O e5 7. d3 Nc6 8.
Rb1 a5 9. a3 h6 10. b4 axb4 11. axb4 Be6 12. b5 Nd4 13. Nxd4 exd4 14. Ne4
Nxe4 15. Bxe4 d5 16. cxd5 Bxd5 17. Bxd5 Qxd5 18. Bf4 Ra5 19. Bxc7 Rxb5 20.
Rxb5 Qxb5 21. Qb1 Qd5 22. Rc1 Re8 23. Rc2 g5 24. Qa2 Qd7 25. Bb6 Rc8 26.
Rxc8+ Qxc8 27. Qd5 Qc2 28. Qxb7 Qxe2 29. Qc8+ Kh7 30. Qf5+ Kg8 31. Kg2 g4
32. Bc5 Qe5 33. Qxe5 Bxe5 34. h3 1/2-1/2

[Event "14th HZ Open"]
[Site "Vlissingen NED"]
[Date "2010.08.12"]
[Round "7"]
[White "Meertens,Mart"]
[Black "Heltzel,J"]
[Result "1/2-1/2"]
[WhiteElo "2133"]
[BlackElo "2250"]
[EventDate "2010.08.07"]

1. e4 c5 2. Nf3 g6 3. d4 cxd4 4. Nxd4 Nc6 5. c4 d6 6. Nc3 Nf6 7. Be2 Nxd4
8. Qxd4 Bg7 9. Bg5 O-O 10. Qd2 Bd7 11. Rc1 Bc6 12. f3 a5 13. b3 Qb6 14. Be3
Qb4 15. O-O Rfc8 16. Nd5 Bxd5 17. cxd5 Nd7 18. Rxc8+ Rxc8 19. Qxb4 axb4 20.
Rc1 1/2-1/2

[Event "14th HZ Open"]
[Site "Vlissingen NED"]
[Date "2010.08.12"]
[Round "7"]
[White "Nijs,N"]
[Black "Foo,Be"]
[Result "1-0"]
[WhiteElo "2250"]
[BlackElo "2112"]
[EventDate "2010.08.07"]

1. d4 Nf6 2. c4 e5 3. dxe5 Ng4 4. Nf3 Bc5 5. e3 Nc6 6. Nc3 Ngxe5 7. Nxe5
Nxe5 8. Be2 O-O 9. O-O Re8 10. b3 a5 11. Na4 Bf8 12. f4 Nc6 13. Bf3 g6 14.
Bb2 Bg7 15. Bxg7 Kxg7 16. Qd2 d6 17. Nc3 Be6 18. e4 f6 19. Be2 Qd7 20. Rae1
Bg8 21. Rf3 Rf8 22. Re3 Rae8 23. Bf3 Be6 24. Nd5 b6 25. Qc3 Qf7 26. e5 fxe5
27. fxe5 Nxe5 28. Rxe5 dxe5 29. Qxe5+ Kh6 30. Nxc7 Bd7 31. Nxe8 Rxe8 32.
Qc3 Rxe1+ 33. Qxe1 Qf4 34. Kf2 Qd6 35. Qe3+ Kg7 36. Qc3+ Kf7 37. Bd5+ Ke7
38. g3 h5 39. Qd4 Qa3 40. Qd2 Kf8 41. Qh6+ Ke7 42. Qg5+ Kd6 43. Qxg6+ Kc7
44. Qc2 Qf8+ 45. Kg1 Qg7 46. Qd2 h4 47. Kf2 h3 48. c5 Qf8+ 49. Qf4+ Qxf4+
50. gxf4 bxc5 51. Kg3 Kd6 52. Bc4 Ke7 53. Kh4 Kf6 54. Bd3 a4 55. bxa4 Bxa4
56. Kxh3 Bd7+ 57. Kg3 Be6 58. a4 Bb3 59. a5 c4 60. Be4 c3 61. a6 c2 62.
Bxc2 Bxc2 63. a7 Be4 64. Kg4 Kg6 65. h4 Bc6 66. Kg3 Bb7 67. Kf2 Bh1 68. Ke3
1-0

[Event "14th HZ Open"]
[Site "Vlissingen NED"]
[Date "2010.08.12"]
[Round "7"]
[White "Hoolt,S"]
[Black "Van Overdam,Ju"]
[Result "1-0"]
[WhiteElo "2245"]
[BlackElo "2102"]
[EventDate "2010.08.07"]

1. e4 c5 2. Nf3 e6 3. d4 cxd4 4. Nxd4 Nf6 5. Nc3 d6 6. Be2 Be7 7. O-O O-O
8. Be3 Nc6 9. f4 e5 10. Nxc6 bxc6 11. Kh1 exf4 12. Bxf4 Qc7 13. Qd2 Be6 14.
Rad1 Rfd8 15. b3 Kh8 16. Qe3 Nd7 17. Nd5 cxd5 18. exd5 Nf8 19. dxe6 fxe6
20. Bc4 Bf6 21. Qg3 e5 22. Be3 Qe7 23. Qg4 Ng6 24. Rf3 Rac8 25. Rh3 Nf8 26.
Qe4 Rc7 27. Rf1 Qe8 28. Bd5 Re7 29. Bg5 Qg6 30. Qxg6 Nxg6 31. Rxf6 1-0

[Event "14th HZ Open"]
[Site "Vlissingen NED"]
[Date "2010.08.12"]
[Round "7"]
[White "Fuchs,Ju"]
[Black "Willemsma,A"]
[Result "1/2-1/2"]
[WhiteElo "2232"]
[BlackElo "2075"]
[EventDate "2010.08.07"]

1. e4 Nf6 2. e5 Nd5 3. c4 Nb6 4. d4 d6 5. exd6 exd6 6. h3 Nc6 7. Nf3 Be7 8.
Nc3 Bf5 9. d5 Ne5 10. Nxe5 dxe5 11. Be3 Nd7 12. Be2 O-O 13. O-O Bg6 14. Kh1
a5 15. Rc1 Bc5 16. Qd2 Qe7 17. Nb5 Nf6 18. Bg5 Qd7 19. Bxf6 1/2-1/2

[Event "14th HZ Open"]
[Site "Vlissingen NED"]
[Date "2010.08.12"]
[Round "7"]
[White "Zomer,K"]
[Black "Laarhoven,T"]
[Result "0-1"]
[WhiteElo "2061"]
[BlackElo "2223"]
[EventDate "2010.08.07"]

1. d4 d5 2. Nf3 Nf6 3. a3 c6 4. Bf4 Bf5 5. e3 e6 6. c4 h6 7. Nc3 Nbd7 8.
cxd5 exd5 9. Bd3 Bxd3 10. Qxd3 Be7 11. h3 O-O 12. O-O a5 13. Qc2 Nb6 14.
Rfc1 Nfd7 15. Ne5 Nxe5 16. Bxe5 Qd7 17. Qb3 Ra6 18. Bg3 a4 19. Qd1 Rfa8 20.
Rc2 f5 21. Qf3 Nc4 22. Re1 Rb6 23. Ree2 Bf6 24. Qf4 Rb3 25. h4 Nxb2 26.
Nxd5 cxd5 27. Rxb2 Rxa3 28. Qd6 Qxd6 29. Bxd6 Ra1+ 30. Kh2 Bxh4 31. g3 Bd8
32. Kg2 b6 0-1

[Event "14th HZ Open"]
[Site "Vlissingen NED"]
[Date "2010.08.12"]
[Round "7"]
[White "Admiraal,M"]
[Black "Dijkstra,A"]
[Result "1-0"]
[WhiteElo "2221"]
[BlackElo "1941"]
[EventDate "2010.08.07"]

1. a3 Nf6 2. Nf3 d5 3. c4 e6 4. g3 c5 5. Bg2 Nc6 6. O-O Be7 7. cxd5 exd5 8.
d4 Ne4 9. dxc5 Bf6 10. Nfd2 Nxc5 11. Nb3 Nxb3 12. Qxb3 Nd4 13. Qd1 Be6 14.
Nc3 Qd7 15. e3 Nc6 16. Nxd5 O-O-O 17. e4 Bxd5 18. exd5 Ne7 19. Bf4 Qb5 20.
Bh3+ Rd7 21. Rc1+ Kd8 22. Bxd7 Kxd7 23. Qg4+ Ke8 24. Rc8+ 1-0

[Event "14th HZ Open"]
[Site "Vlissingen NED"]
[Date "2010.08.12"]
[Round "7"]
[White "In 't Veld,D"]
[Black "Warnk,T"]
[Result "1-0"]
[WhiteElo "2205"]
[BlackElo "1939"]
[EventDate "2010.08.07"]

1. a3 g6 2. e4 Bg7 3. Nf3 b6 4. d4 Bb7 5. Bd3 d6 6. O-O Nd7 7. Qe2 e6 8.
Nbd2 Ne7 9. b4 O-O 10. c3 c5 11. Nc4 d5 12. Nd6 dxe4 13. Nxe4 cxd4 14. cxd4
Nf6 15. Nxf6+ Bxf6 16. Bh6 Bg7 17. Bg5 Bxf3 18. Qxf3 Bxd4 19. Rad1 e5 20.
Bh6 Qd6 21. Bxf8 Rxf8 22. Kh1 a5 23. bxa5 bxa5 24. Bc4 Qc5 25. Rc1 Qd6 26.
Rb1 Kg7 27. Rb5 Qc7 28. Qb3 f5 29. Rb7 Qc5 30. Rb5 Qc7 31. Rb7 Qc5 32. Qa4
Ra8 33. Qd7 Ra7 34. Rfb1 Rxb7 35. Rxb7 Qxc4 36. Qxe7+ Kh6 37. Qh4+ 1-0

[Event "14th HZ Open"]
[Site "Vlissingen NED"]
[Date "2010.08.12"]
[Round "7"]
[White "Van der Borgt,P"]
[Black "Van den Berg,Ad"]
[Result "0-1"]
[WhiteElo "2059"]
[BlackElo "2207"]
[EventDate "2010.08.07"]

1. e4 c5 2. c3 e5 3. d4 cxd4 4. cxd4 exd4 5. Qxd4 Nc6 6. Qa4 Bc5 7. Nc3 Nf6
8. Be2 Qb6 9. Nh3 d6 10. Nd5 Nxd5 11. exd5 Qb4+ 12. Qxb4 Nxb4 13. O-O O-O
14. Nf4 Bf5 15. a3 Nc2 16. Ra2 a5 17. Bd1 a4 18. Bd2 Bd4 19. Bc3 Be5 20. g4
Be4 21. f3 Ne3 22. Bxe5 Bb1 23. Ra1 dxe5 24. Ne2 Nxf1 25. Kxf1 Bd3 26. Kf2
Bxe2 27. Bxe2 Rac8 28. Bb5 Rc2+ 29. Ke3 Rxb2 30. Bxa4 h5 31. h3 b5 32. Bd1
h4 33. Ke4 Rd8 34. a4 bxa4 35. Rxa4 Rh2 36. Kxe5 Rxh3 37. Rd4 Rh1 38. f4
Re1+ 39. Kf5 h3 40. Bf3 h2 0-1

[Event "14th HZ Open"]
[Site "Vlissingen NED"]
[Date "2010.08.12"]
[Round "7"]
[White "Van de Groep,W"]
[Black "Duchene,R"]
[Result "0-1"]
[WhiteElo "1970"]
[BlackElo "2204"]
[EventDate "2010.08.07"]

1. e4 e6 2. Nf3 d5 3. Nc3 Nf6 4. e5 Nfd7 5. d4 c5 6. dxc5 Nc6 7. Bf4 Bxc5
8. Bd3 f6 9. exf6 Qxf6 10. Bg5 Qf7 11. Nb5 Nde5 12. Bh4 Nxf3+ 13. gxf3 a6
14. Nc3 O-O 15. Bg3 Qxf3 16. Qxf3 Rxf3 17. O-O-O b5 18. Kb1 Ra7 19. Be2 Rf8
20. Bg4 Ne7 21. Rhf1 Nf5 22. Be5 Raf7 23. Bxf5 Rxf5 24. f4 g5 25. Ne2 gxf4
26. Rg1+ Bxg1 27. Rxg1+ Kf7 28. Rg7+ Ke8 29. Bd6 R8f7 0-1